Estudios de Derecho Penal Internacional

Detalles Bibliográficos
Autor principal: Ols̀olo Alonso, Hčtor
Formato: eBook
Lenguaje:español
Publicado: Mx̌ico DF: Instituto Nacional de las Ciencias Penales, 2010
Materias:
Acceso en línea:Acceso restringido

MARC

LEADER 00000nam a22000007a 4500
005 20140523004825.0
007 cr|||| ||||
008 140523s2010 ea |||||s|||| 00||0 spa d
035 |a 12148 
040 |a vLex 
090 |c 4944  |d 4944 
100 1 |a Ols̀olo Alonso, Hčtor 
245 1 0 |a Estudios de Derecho Penal Internacional  |h [Recurso electrn̤ico] /  |c Hčtor Ols̀olo Alonso 
256 |a Servicio en ln̕ea 
260 |a Mx̌ico DF:  |b Instituto Nacional de las Ciencias Penales,  |c 2010 
300 |a 1 recurso electrn̤ico 
506 1 |a Disponible solo en los productos indicados  |d vLex Global  |d vLex Global (Academic Edition, excluding Law Schools)  |d vLex Global (U.S. Academic Edition, Law Schools)  |d vLex Global (U.S. Academic Edition, excluding Law Schools)  |d vLex Global (Academic Edition, Law Schools) 
650 0 3 |a Derecho Penal  |z Mx̌ico 
740 0 |a vLex Libros (Servicio en ln̕ea) 
856 4 0 |u http://vlex.com/source/estudios-derecho-penal-internacional-12148  |z Acceso restringido 
942 |c BOOK 
999 0 |a Criminal Law